Tinh hoa văn học Trung Quốc

Nội dung của bộ sách “Tinh hoa văn học thế giới” cung cấp những bản dịch văn chương kinh điển của văn học Anh, Đức, Mỹ, Mỹ Latinh, Nga, Pháp, Trung Quốc với mục đích mang đến được cho bạn đọc kiến thức văn học có ý nghĩa trước sự đa dạng củ...

ver descrição completa

Na minha lista:
Detalhes bibliográficos
Formato: Livro
Idioma:Undetermined
Publicado em: Hà Nội Thanh niên 2011
Assuntos:
Tags: Adicionar Tag
Sem tags, seja o primeiro a adicionar uma tag!
Thư viện lưu trữ: Trung tâm Học liệu Trường Đại học Cần Thơ
LEADER 00933nam a2200193Ia 4500
001 CTU_176178
008 210402s9999 xx 000 0 und d
020 |c 55000 
082 |a 895.1 
082 |b T312 
245 0 |a Tinh hoa văn học Trung Quốc 
245 0 |c Hải Nguyễn tuyển chọn 
260 |a Hà Nội 
260 |b Thanh niên 
260 |c 2011 
520 |a Nội dung của bộ sách “Tinh hoa văn học thế giới” cung cấp những bản dịch văn chương kinh điển của văn học Anh, Đức, Mỹ, Mỹ Latinh, Nga, Pháp, Trung Quốc với mục đích mang đến được cho bạn đọc kiến thức văn học có ý nghĩa trước sự đa dạng của thế giới. 
650 |a Chinese literature,Văn học Trung Quốc 
904 |i Trọng Hiếu 
980 |a Trung tâm Học liệu Trường Đại học Cần Thơ